00508nam a2200157Ia 4500008004100000020001500041082001900056100002500075245010800100250000700208260004200215300003000257500002300287600002000310650002000330240925s9999 xx 000 0 und d a8131714535 a330.091724 MIS aMishkin, Frederic S. 4aThe Next Great Globalization: how disadvantaged nations can harness their financial systems to get rich aNA aNew Delhi:bPearson Educationc,2008. axviii, 776p.bIfOriginal aIncludes Reference aSocial Sciences aSocial Sciences